000
00252nam a22001217a 4500
008
170921b xxu||||| |||| 00| 0 eng d
041
_a
eng
080
_a
7
100
_a
45
101
_a
ART
245
_a
SAN FRANCISCO
_c
MCDOWELL, J
942
_2
udc
_c
BK
999
_c
28639
_d
28639